02202njm a2200349Ia 450000100060000000300090000600500170001500800410003204000130007304000130008610000110009910000180011010000380012824500590016625000110022526000110023626000360024730000100028330000290029350001260032250504130044851100580086165000560091970000810097570001520105670001810120870001190138970000790150870000880158770000710167570001060174627354IT-RoPAU20220918181207.0131025s9999 xx 000 0 und d aIT-RoPAU cIT-RoPAU aAA.VV. eAutore musica gCodice autore musica SPICS: 12000 aClassic in spot-I grandi temi di musica classica in tv a1a ed. aMILANO bFIVE RECORDc1984 [1a Ed.:1984] aDISCO c43 minuti (Testo: pag.) aMusica classica negli spot pubblicitari televisivi. Musica in pubblicità. Busch Helga: pianoforte; Petrov Igor: violino aSogno d'amore (5:00) - Romanza n 2 per violino e orchestra (4:00) - Sinfonia n. 6 "Patetica" (5:00) - Concerto n 21 per pianoforte e orchestra (4:00) - Coriolano (4:00) - Il mattino (4:00) - Concerto n. 1 per pianoforte e orchestra (4:00) - Sinfonia n. 6 "Pastorale" (5:00) - Mormorio di primavera (3:00) - Concerto per violino e orchestra (5:00) - La grande porta di Kiev-Da quadri d'una esposizione (2:00)  aManhattan Festival Orchestra diretta da Lensky Arthur aCOLONNA SONORA [DISCHI]eCodice MATERIA SPICS: 9950 aLiszt FranzdCodice autore musica SPICS: 10789eAutore musicapSogno d'amore aBeethoven Ludwig VandCodice autore musica SPICS: 10721eAutore musicapRomanza n 2 per violino e orchestra - Coriolano - Sinfonia n. 6 "Pastorale" aCajkovskij Petr LlijchdCodice autore musica SPICS: 10808eAutore musicapSinfonia n. 6 "Patetica" - Concerto n. 1 per pianoforte e orchestra - Concerto per violino e orchestra aMozart Wolfgang AmadeusdCodice autore musica SPICS: 3486eAutore musicapConcerto n 21 per pianoforte e orchestra aGrieg EdwarddCodice autore musica SPICS: 10671eAutore musicapIl mattino aSinding C.dCodice autore musica SPICS: 13125eAutore musicapMormorio di primavera aMusorgskij ModestdCodice autore musica SPICS: 3431eAutore musica aRavel MauricedCodice autore SPICS: 2180eAutorepLa grande porta di Kiev-Da quadri d'una esposizione